Estudios de audiencias socioculturalmente diferenciadas / (Registro nro. 39369)

Detalles MARC
000 -LEADER
fixed length control field 01417nam a2200313 4500
001 - CONTROL NUMBER
control field 0000022286
003 - CONTROL NUMBER IDENTIFIER
control field CO-CtgCURN
005 - DATE AND TIME OF LATEST TRANSACTION
control field 20250429224119.0
007 - PHYSICAL DESCRIPTION FIXED FIELD--GENERAL INFORMATION
fixed length control field ta
008 - FIXED-LENGTH DATA ELEMENTS--GENERAL INFORMATION
fixed length control field 160627s2006 000 0 eng d
020 ## - INTERNATIONAL STANDARD BOOK NUMBER
International Standard Book Number 9589785026
040 ## - CATALOGING SOURCE
Original cataloging agency CO-CtgCURN
Language of cataloging spa
Transcribing agency coctgcurn
082 0# - DEWEY DECIMAL CLASSIFICATION NUMBER
Classification number 371.33
Item number C735e
110 2# - MAIN ENTRY--CORPORATE NAME
Corporate name or jurisdiction name as entry element Colombia. Comision Nacional de Televisión.
245 10 - TITLE STATEMENT
Title Estudios de audiencias socioculturalmente diferenciadas /
Statement of responsibility, etc. Comision Nacional de Televisión.
260 ## - PUBLICATION, DISTRIBUTION, ETC.
Place of publication, distribution, etc. Bogotá :
Name of publisher, distributor, etc. Comision Nacional de Televisión,
Date of publication, distribution, etc. 2006.
300 ## - PHYSICAL DESCRIPTION
Extent 535 p.
336 ## - CONTENT TYPE
Source rdacontent
337 ## - MEDIA TYPE
Source rdamedia
Media type term sin mediacion
Media type code n
338 ## - CARRIER TYPE
Source rdacarrier
Carrier type term volumen
Carrier type code nc
490 1# - SERIES STATEMENT
Series statement Programa de Investigaciones academicas sobre televisión ;
Volume/sequential designation 5
504 ## - BIBLIOGRAPHY, ETC. NOTE
Bibliography, etc. note Bibliografia (p. 531-535)
505 8# - FORMATTED CONTENTS NOTE
Formatted contents note La televisión en la familia y la familia en la televisión.--Análisis de la recepcion televisiva en audiencias socioculturalmente diferenciadas de Bogota.--Influencia de la programacion de televisión en la formacion de valores en la poblacion escolarizada entre 11 y 16 años, en los municipios de Quibdo, Tado e Istmina
650 14 - SUBJECT ADDED ENTRY--TOPICAL TERM
Topical term or geographic name entry element Televisión y familia
Geographic subdivision Colombia.
710 2# - ADDED ENTRY--CORPORATE NAME
Corporate name or jurisdiction name as entry element Fundamentos Universidad Los Libertadores\ Universidad Nacional de Colombia.
908 ## - PUT COMMAND PARAMETER (RLIN)
Put command parameter 160627
942 ## - ADDED ENTRY ELEMENTS (KOHA)
Koha item type Libros
Classification part 371.33
Item part C735e
Source of classification or shelving scheme Dewey Decimal Classification
Existencias
Withdrawn status Lost status Source of classification or shelving scheme Damaged status Not for loan Collection Home library Current library Shelving location Date acquired Inventory number Total checkouts Full call number Barcode Date last seen Price effective from Koha item type Public note
    Dewey Decimal Classification     General Miguel Henríquez Castañeda Miguel Henríquez Castañeda General 04/29/2025 014324   371.33 C735e 014324 04/29/2025 04/29/2025 Libros 370-EDUCAC